Statistics for XXXTENTACION Big Trivia

Click here to take the quiz!

General Stats

  • This quiz has been taken 613 times
  • The average score is 10 of 20

Answer Stats

Clue Answer % Correct
His age when he died20
99%
His home stateFlorida
82%
His most popular song currentlySAD!
77%
His most popular song before 2017Look At Me
75%
First commercial album name17
73%
Death dateJune 18
66%
His birthdayJanuary 23rd
64%
His earliest song on current soundcloudVice City
63%
The type of dealer he was shot outside ofMotorcycle
57%
Month that Look At Me was releasedDecember
53%
His first unreleased albumskins
50%
The car he died inBMW i8
42%
City he died inDeerfield Beach
31%
His actual first songNews/Flock
29%
His most popular albumQuestion Mark
28%
Mixtape released in Winter 2017A Ghetto Christmas Carol
24%
His collaborator on "Ice Hotel" (the song)SZA
22%
His second unreleased albumBad Vibes Forever
22%
2014 mixtape "The ____"Fall
21%
His collaborator on the song "Don't Test Me"Wifisfuneral
19%

Score Distribution

Percentile by Number Answered

Percent of People with Each Score

Your Score History

You have not taken this quiz